Ganancias 2017 (Registro nro. 3469)
[ vista simple ]
| 000 -LEADER | |
|---|---|
| fixed length control field | 01846 a2200217 4500 |
| 001 - CONTROL NUMBER | |
| control field | 41335 |
| 005 - DATE AND TIME OF LATEST TRANSACTION | |
| control field | 20260407155707.0 |
| 008 - FIXED-LENGTH DATA ELEMENTS--GENERAL INFORMATION | |
| fixed length control field | 260407a2017 arg spa d |
| 003 - CONTROL NUMBER IDENTIFIER | |
| control field | AR-UNSa-BCEJYS |
| 040 ## - CATALOGING SOURCE | |
| Original cataloging agency | AR-UNSa-BCEJYS |
| Language of cataloging | spa |
| Transcribing agency | AR-UNSa-BCEJYS |
| 080 ## - UNIVERSAL DECIMAL CLASSIFICATION NUMBER | |
| Universal Decimal Classification number | 336.226.1 |
| Common auxiliary subdivision | Impuestos a las ganancias o los beneficios (Impuesto Diferido) |
| 020 ## - INTERNATIONAL STANDARD BOOK NUMBER | |
| International Standard Book Number | 978-987-01-2026-1 |
| 041 ## - LANGUAGE CODE | |
| Language code of text/sound track or separate title | spa |
| 245 10 - TITLE STATEMENT | |
| Title | Ganancias 2017 |
| Name of part/section of a work | retención sobre sueldos |
| 264 #1 - PRODUCTION, PUBLICATION, DISTRIBUTION, MANUFACTURE, AND COPYRIGHT NOTICE | |
| Place of production, publication, distribution, manufacture | Buenos Aires : |
| Name of producer, publisher, distributor, manufacturer | Errepar |
| Date of production, publication, distribution, manufacture, or copyright notice | 2017 |
| 300 ## - PHYSICAL DESCRIPTION | |
| Extent | 29 p. |
| Dimensions | 21 cm. |
| 505 ## - FORMATTED CONTENTS NOTE | |
| Formatted contents note | 1. ¿Cuál es la forma de cálculo de la retención? - 2. ¿Hay algún item que esté exento o no gravado para el cálculo de la retención? - 3.¿Qué conceptos se pueden deducir para el cálculo de la retención? - 4. Requisitos para la procedencia de las distintas deducciones - 5. ¿Cómo se informan estas deducciones al empleador? - 6. ¿Cómo debe proceder el empleado si tiene más de un empleador? - 7. ¿Qué empleados se encuentran obligados a presentar la DDJJ de ganancias? ¿Deben inscribirse en el impuesto? - 8. ¿Qué empleados se encuentran obligados a presentar la DDJJ de bienes personales? ¿Deben inscribirse en el impuesto? - 9. Vencimiento de las DDJJ de ganancias y de bienes personales 10. Carácter de las retenciones efectuadas a los empleados. Cómputo en la declaración jurada del impuesto a las ganancias. Saldos a favor, posibilidades de utilización - 11. Forma de ingreso de las retenciones - 12. Tabla de deducciones personales. Importes de las deducciones acumuladas correspondientes a cada mes - 13. Escala utilizable para el cálculo de las retenciones mensuales. Período fiscal 2017 - 14. Caso práctico |
| 590 ## - LOCAL NOTE (RLIN) | |
| Local note | niveau_biblio:m niveau_hierar:0 |
| 856 41 - ELECTRONIC LOCATION AND ACCESS | |
| Uniform Resource Identifier | <a href="https://biblioeco.unsa.edu.ar/pmb/images/libros/E00034_01.jpg">https://biblioeco.unsa.edu.ar/pmb/images/libros/E00034_01.jpg</a> |
| Link text | Imagen de portada |
| Electronic format type | image/jpeg |
| 942 ## - ADDED ENTRY ELEMENTS (KOHA) | |
| Koha item type | |
| Withdrawn status | Lost status | Damaged status | Not for loan | Home library | Current library | Shelving location | Date acquired | Total checkouts | Full call number | Barcode | Date last seen | Price effective from | Koha item type |
|---|---|---|---|---|---|---|---|---|---|---|---|---|---|
| Biblioteca Prof. Eusebio Cleto del Rey | Biblioteca Prof. Eusebio Cleto del Rey | 07/04/2026 | E336.226.1 G195/ER | E00034 | 07/04/2026 | 07/04/2026 | Libro |